000 00694nab a2200181 4500
001 244442
003 OSt
005 20240503082648.0
007 tu
008 200917s2020|||||||
040 _aDE-2950
_cDE-2950
245 0 0 _aWie sich Frankfurt und Slubice verändert haben
_bJubiläum. Der EU-Beitritt Polens vor 20 Jahren hat Frankfurt (Oder) und Slubice geprägt. Wie sich das Leben der Menschen in der Doppelstadt seitdem verändert hat - ein Überblick in Zahlen und Fakten
_cThomas Gutke
264 _c2024
653 _aFrankfurt (Oder)
653 _aEU-Beitritt Polen
773 0 _g35. Jahrgang (2024) Nr. 101 vom 30.04.2024, S. 15 mit Foto
_tMärkische Oderzeitung
942 _2z
_cA
999 _c373125
_d373125